Introduction to digital computer design / (Record no. 2968)

000 -LEADER
fixed length control field 00504nam a2200169 4500
008 - FIXED-LENGTH DATA ELEMENTS--GENERAL INFORMATION
fixed length control field 200318b ||||| |||| 00| 0 eng d
020 ## - INTERNATIONAL STANDARD BOOK NUMBER
International Standard Book Number 0876920210
082 00 - DEWEY DECIMAL CLASSIFICATION NUMBER
Classification number 621.39
Item number R1615
100 ## - MAIN ENTRY--PERSONAL NAME
9 (RLIN) 2402
Personal name Rajaraman, V.
245 10 - TITLE STATEMENT
Title Introduction to digital computer design /
250 ## - EDITION STATEMENT
Edition statement 2nd ed.
260 ## - PUBLICATION, DISTRIBUTION, ETC. (IMPRINT)
Place of publication, distribution, etc New Delhi
Name of publisher, distributor, etc Prentice Hall
Date of publication, distribution, etc 1978
300 ## - PHYSICAL DESCRIPTION
Extent xii, 399 p.
650 #0 - SUBJECT ADDED ENTRY--TOPICAL TERM
Topical term or geographic name as entry element Electronic Digital Computers
700 ## - ADDED ENTRY--PERSONAL NAME
9 (RLIN) 2566
Personal name Radhakrishnan, T.
942 ## - ADDED ENTRY ELEMENTS (KOHA)
Source of classification or shelving scheme
Item type Books
Holdings
Withdrawn status Lost status Source of classification or shelving scheme Damaged status Not for loan Permanent location Current location Date acquired Full call number Barcode Date last seen Koha item type
          IMU Kolkata IMU Kolkata 1979-04-03 621.39 R1615 05056 2020-03-18 Books
          IMU Kolkata IMU Kolkata 1979-04-04 621.39 R1615 05074 2020-03-18 Books
          IMU Kolkata IMU Kolkata 2020-06-29 621.39 R1615 06772 2020-06-29 Books
Designed and Maintained by IMU-KC Library, Kolkata Campus © Copyright All Rights Reserved

webs counters

Powered by Koha